Kombo ani zaj: motvyon kaniyo (Record no. 211721)

MARC details
000 -LEADER
fixed length control field 00683nam a2200217Ia 4500
003 - CONTROL NUMBER IDENTIFIER
control field OSt
005 - DATE AND TIME OF LATEST TRANSACTION
control field 20231010151400.0
008 - FIXED-LENGTH DATA ELEMENTS--GENERAL INFORMATION
fixed length control field 210719s2020 xx 000 0 und d
040 ## - CATALOGING SOURCE
Transcribing agency AL
041 ## - LANGUAGE CODE
Language code of text/sound track or separate title Konkani
082 ## - DEWEY DECIMAL CLASSIFICATION NUMBER
Classification number 891.46301 PINK
100 ## - MAIN ENTRY--PERSONAL NAME
Personal name PINTO (Stivan); PINTO (STEPHEN);KUNTALPADY
9 (RLIN) 99287
245 ## - TITLE STATEMENT
Title Kombo ani zaj: motvyon kaniyo
Remainder of title ಕೊಂಬೊ ಆನಿ ಝಜ್ : ಮೋಟ್ವ್ಯೋ ಕಾಣಿಯೊ
260 ## - PUBLICATION, DISTRIBUTION, ETC.
Place of publication, distribution, etc. Mangaluru
Name of publisher, distributor, etc. Ashavadi Prakashan
Date of publication, distribution, etc. 2020
300 ## - PHYSICAL DESCRIPTION
Extent 76
Other physical details PB
365 ## - TRADE PRICE
Price amount 150
Currency code Rs
650 ## - SUBJECT ADDED ENTRY--TOPICAL TERM
Topical term or geographic name entry element Konkani Fiction
9 (RLIN) 99288
650 ## - SUBJECT ADDED ENTRY--TOPICAL TERM
Topical term or geographic name entry element Konkani Literature
9 (RLIN) 99289
906 ## - LOCAL DATA ELEMENT F, LDF (RLIN)
a ani ; kaniyo ; Kombo ; motvyon ; zaj:
942 ## - ADDED ENTRY ELEMENTS (KOHA)
Source of classification or shelving scheme Dewey Decimal Classification
Koha item type Book
Holdings
Withdrawn status Lost status Damaged status Not for loan Collection code Home library Current library Date acquired Source of acquisition Cost, normal purchase price Total Checkouts Full call number Barcode Date last seen Cost, replacement price Price effective from Koha item type Date last checked out
          St Aloysius Library St Aloysius Library 02/05/2021 Ashawadi Prakashan, Ghansoli, Maharastra-400701 | General Annual 150.00   891.46301 PINK 074535 07/19/2021 120.00 07/19/2021 Book  
          St Aloysius Library St Aloysius Library 02/05/2021 Ashawadi Prakashan, Ghansoli, Maharastra-400701 | General Annual 150.00 1 891.46301 PINK 074536 08/06/2025 120.00 07/19/2021 Book 07/23/2025